00533nam a22001697a 450000500170000001000150001702000260003203500140005803700130007208200060008510000250009124500840011626000400020027000810024030000250032170000170034620190323130326.0 aENG-124914 a9789386473103c350.00 aEN-108446 bDBAD/PUB aS aVijay Narain Shankar aKhushwant Singh in wisdom & in jest/cby Vijay Narain Shankar [and] Onkar Singh aNew DelhibVitasta Publishingc2017 a2/15, Ansari Road, Daryaganj,bNew Delhie110002minfo@vitastapublishing.com axi, 266p.c21cm(pbk) a Onkar Singh